Представление документа в формате MARC21

ПолеНазваниеЗначение
  Тип записи a
  Библиографический уровень m
001 Контрольный номер BIBLIOCLUB\0000712307
005 Дата корректировки 20240827131604.4
006 m o d
007 Элементы данных для физической характеристики c|||||||||||||
008 Кодируемые данные s2022 rus o rus d
041 Код языка издания 0_
a Код языка текста rus
084 Индекс другой классификации/Индекс ББК __
a Индекс другой классификации/Индекс ББК 22.192я73
b Номер единицы LBC/PL
2 Источник индекса rubbk
100 Автор 1_
a Автор Тарасенко Е. О.
245 Заглавие 10
a Заглавие Численные методы
b Продолж. заглавия учебник
c Ответственность Е. О. Тарасенко, А. А. Алиханов, А. В. Гладков
260 Выходные данные __
a Место издания Ставрополь
b Издательство Северо-Кавказский Федеральный университет (СКФУ)
c Дата издания 2022
300 Физическое описание __
a Объем 262 с.
b Иллюстрации/ тип воспроизводства ил., табл.
653 Ключевые слова 1_
a Ключевые слова Учебник для высшей школы
700 Другие авторы _1
a Другие авторы Алиханов А. А.
700 Другие авторы _1
a Другие авторы Гладков А. В.
856 Электронный адрес документа 40
3 Область применения данных поля Университетская библиотека ONLINE
u URL https://biblioclub.ru/index.php?page=book&id=712307
900 Электронные ресурсы __
a Имя электронного ресурса https://img.biblioclub.ru/sm_cover/d50899d73af7326fa097bfc789222dd2imtnspfbvw/cover.jpg